Greatest actors in Hollywood 1950s (PART 2 - HARD) - Statistics

General Stats
  • This quiz has been taken 75 times
  • The average score is 8 of 16
Answer Stats
Picture Answer % Correct
Dean Martin
88%
Cary Grant
86%
Yul Brynner
81%
Jack Lemmon
78%
James Cagney
71%
Ernest Borgnine
69%
Robert Mitchum
66%
Montgomery Clift
51%
Richard Burton
51%
Lee Van Cleef
41%
Richard Widmark
27%
Leslie Nielsen
24%
Walter Brennan
15%
Johnny Weissmuller
10%
Hank Worden
3%
Clayton Moore
2%
No matching quizzes found
Score Distribution
Percent of People with Each Score
Percentile by Number Answered
Your Score History
You have not taken this quiz